Statistiques concernant QCM La Révolution française.

Cliquez ici pour prendre le quiz!

Statistiques générales

  • Ce quiz a été pris 1 463 fois
    (1 292 depuis la dernière actualisation)
  • Le résultat moyen est 13 sur 20

Statistiques - réponses

QuestionRéponse% Correct
En quelle année commence-t-elle?1789
98%
Quel est le roi de la France au début de la Révolution française?Louis XVI
94%
Que s'est-il passé le 26 août 1789?La déclaration des Droits de l'Homme
93%
Quel jour a-t-il eu lieu?Le 14 juillet 1789
93%
Que s'est-il passé le 21 janvier 1793?Louis XVI a été exécuté
85%
Quel homme mis fin au Directoire?Bonaparte
83%
En quelle date?Le 20 juin 1789
81%
Quel est la première bataille remportée par les Révolutionnaires face aux coalisés?La bataille de Valmy
76%
Quand a été proclamée la Iere républiqueLe 21 septembre 1792
70%
Qu'est-ce qui suivi la Convention?Le Directoire
67%
Quel grand personnage de la Révolution Charlotte Corday a-t-elle assassiné?Marat
61%
Quel Régime mets fin à la 1ere République?Le 1er Empire
60%
Quelle est la date de la fête de la Fédération?14 juillet 1790
59%
Quand Robespierre a-t-il été exécuté?Le 28 juillet 1794
57%
Qu'est-ce qui fut mis en place alors?Le Consulat
56%
En quelle année?1804
44%
Qui prononce le Serment de Jeu de Paume?Les députés du tiers-état et du clergé
32%
Donnez trois généraux vendéens.Charette,Stofflet et Cathelineau
29%
Quand est mort le général vendéen CharetteLe 29 mars 1796
23%
Quel en est le premier acte de rébellion?La prise des Invalides
6%

Distribution des résultats

Percentile par nombre de réponses

% des personnes avec chaque résultat

Votre développement - résultats

Vous n’avez pas pris ce quiz depuis la dernière actualisation